000 00319nam a2200121Ia 4500
008 220204s9999 xx 000 0 und d
082 _a33:31(540)
_bSTA
100 _aAiyar, Saritha
245 0 _aStatistical outline of India 1999-2000
260 _aMumbai
_bTata Service
_c1999
700 _aBhandare, S S
942 _cBK
999 _c41778
_d41778